| 000 | 00659cab a2200217 4500 | ||
|---|---|---|---|
| 001 | WB2934-33 | ||
| 008 | 090401t1993 xxu||||| |||| 00| 0 eng d | ||
| 035 | _a(Sirsi) u25134 | ||
| 041 | _aeng | ||
| 245 | _aApplications for SLOM 3 milk quota | ||
| 260 | _c1993 | ||
| 350 | _a0 | ||
| 490 |
_aMAFF News Release _v(298/93) 13 September 1993 (2) |
||
| 520 | _aCertain categories of milk producers are eligible to apply for SLOM 3 milk quota. Maff must receive completed application forms by 31 October 1993. | ||
| 650 | _aEC LEGISLATION | ||
| 650 | _aMILK QUOTAS | ||
| 650 | _aSLOM 3 | ||
| 690 | _aRURAL PRACTICE | ||
| 942 | _n0 | ||
| 948 | _c04/03/1997 | ||
| 999 |
_c16860 _d16860 |
||